000 00668nam a22001937a 4500
005 20180103155400.0
010 _aUR-9994
020 _c100.00
_a-
035 _aU-8549
037 _bDBAD/PUB
100 _aڈ ا کٹر یا سمین ا ختر
245 _a غا لب کے ا سا لیب
_cڈ ا کٹر یا سمین ا ختر
246 _bGhalib ke Asaleeb
_aby Dr.Yasmeen Akhtar
260 _aBihar
_bDr.Yasmeen Akhtar
_c2015
270 _aC/O.&D/O.Mr.Fakhar Alam Tank Lane,Gumti No.3,Bhikan Pur,
_bBhagalpur
_e812001
_k9631783990
_l-
300 _a96ص
_c22 Cm.(B.b)
500 _aدو حصہ
942 _2ddc
_cUR
_h841.08
_mغ ا ل
999 _c148764
_d148764